000 005020000a22001810004500
003 MACL
005 20160212145200.0
008 160212b xxu||||| |||| 00| 0 eng d
040 _aMACL
_cMACL
041 _aHindi
082 _a320
100 _aदे. एस.के
_938011
245 _aपंचायती राज
260 _bराजकमल प्रकाशन
_c1962
_aनई दिल्‍ली
350 _a4
650 _aPolotical Science
_91991
942 _cHIN
_k320
_2ddc
999 _c25378
_d25378